• 首页
  • 本馆介绍
  • 公告通知
  • 最新文献
  • 馆藏检索
  • 电子资源
  • 读者导购
  • 参考咨询
  • 我的图书馆
  • 登录
  • 详细信息显示
  • 放入我的书架
  • 预约/预借图书
  • 作者相关作品
  • 分类相关作品
  • 丛书相关作品
  • 出版社相关作品

书目信息

  • 表格格式
  • 工作单格式
  • 卡片格式
题名:
山水中国
    
 
作者: 段宝林 , 江溶 主编 ;彭文新 , 罗哲文 , 李翔德 , 刘梓盈 卷撰稿
分册:   宁青藏卷
出版信息: 北京   北京大学出版社  2005
页数: 266页
开本: 23cm
丛书名:
单 册:
中图分类: K928.70
科图分类:
主题词: 名胜古迹--中国 , 风景区--中国 , 名胜古迹--宁夏回族自治区 , 风景区--宁夏回族自治区 , 名胜古迹--青海省 , 风景区--青海省 , 名胜古迹--西藏自治区 , 风景区--西藏自治区 , 名胜古迹 , 风景区
电子资源:
ISBN: 7-301-08258-4
000 01491nam0 2200409 450
001 012007570500
005 20070517090524.12
010    @a7-301-08258-4@dCNY29.00
100    @a20050408d2005 km y0chiy0120 ea
101 0  @achi
102    @aCN@b110000
105    @aa z 000yy
106    @ar
200 1  @a山水中国@Ashan shui zhong guo@i宁青藏卷@f段宝林,江溶主编@Fduan bao lin,jiang rong zhu bian@g江溶本卷主编@Gjiang rong ben juan zhu bian@g彭文新等卷撰稿@Gpeng wen xin deng juan zhuan gao@g罗哲文,李翔德,刘梓盈卷摄影@Gluo zhe wen,li xiang de,liu zi ying juan she ying
210    @a北京@c北京大学出版社@d2005
215    @a266页@c照片,图@d23cm
300    @a博雅悦读时光
330    @a本书有两个关键词“山水故事”、“山水情怀”。介绍了宁夏回族自治区、青海省、西藏自治区的名胜古迹、西部风景等。
606 0  @a名胜古迹@y中国
606 0  @a风景区@y中国
606 0  @a名胜古迹@y宁夏回族自治区
606 0  @a风景区@y宁夏回族自治区
606 0  @a名胜古迹@y青海省
606 0  @a风景区@y青海省
606 0  @a名胜古迹@y西藏自治区
606 0  @a风景区@y西藏自治区
606 0  @a名胜古迹
606 0  @a风景区
690    @aK928.70@v4
701  0 @a段宝林@Aduan bao lin@f(1934.1~)@4主编
701  0 @a江溶@Ajiang rong@4主编
702  0 @a彭文新@Apeng wen xin@4卷撰稿
702  0 @a罗哲文@Aluo zhe wen@f(1924~)@4卷摄影
702  0 @a李翔德@Ali xiang de@c(文史)@4卷摄影
702  0 @a刘梓盈@Aliu zi ying@4卷摄影
801  0 @aCN@bRULIN@c20070517
905    @dK928.70@e441@s8
    
    山水中国.宁青藏卷/段宝林,江溶主编/江溶本卷主编/彭文新等卷撰稿/罗哲文,李翔德,刘梓盈卷摄影.-北京:北京大学出版社,2005
    266页:照片,图;23cm
    博雅悦读时光
    
    ISBN 7-301-08258-4:CNY29.00
    本书有两个关键词“山水故事”、“山水情怀”。介绍了宁夏回族自治区、青海省、西藏自治区的名胜古迹、西部风景等。
●
相关链接 在E读中查询图书 在五车中查询图书 在当当中查询图书 在豆瓣中查询图书


正题名:山水中国     索取号:K928.70/441         预约/预借

序号 登录号 条形码 馆藏地/架位号 状态 备注
1 0577777   205777774   第二样本阅览室/ [索取号:K928.70/441] 在馆    
2 0577778   205777783   第二借阅区/ [索取号:K928.70/441] 在馆    
3 0577779   205777792   密集书库/ [索取号:K928.70/441] 在馆    
4 0577780   205777809   第二借阅区/ [索取号:K928.70/441] 在馆    
5 0577781   205777818   密集书库/ [索取号:K928.70/441] 在馆    
6 0577782   205777827   第二借阅区/ [索取号:K928.70/441] 在馆    
7 0577783   205777836   第二借阅区/ [索取号:K928.70/441] 在馆    
8 0577784   205777845   密集书库/ [索取号:K928.70/441] 在馆    
唐山师范学院图书馆 欢迎您!
大连网信软件有限公司© 版权所有